Rozpoznanie reči
Enregistré dans:
| Auteur principal: | |
|---|---|
| Autres auteurs: | |
| Format: | Manuscrit Livre |
| Langue: | slovaque |
| Publié: |
Bratislava :
STU v Bratislave FEI,
2024
|
| Sujets: | |
| Accès en ligne: | https://opac.crzp.sk/?fn=detailBiblioFormChildQOF5Q&sid=9A7D98113A4E7D6F02A871A0EB46&seo=CRZP-detail-kniha |
| Tags: |
Pas de tags, Soyez le premier à ajouter un tag!
|
MARC
| LEADER | 00000ntm a22000003a 4500 | ||
|---|---|---|---|
| 001 | stuzp96695 | ||
| 003 | SK-STU | ||
| 005 | 20250430110717.3 | ||
| 007 | ta | ||
| 008 | 150427s2015----xo-----f-mn---000-0-slo-d | ||
| 040 | |a STU |b slo | ||
| 041 | 0 | |a slo | |
| 044 | |a xo | ||
| 100 | 1 | |a Fridrik, Martin |u 037000 |4 aut |U FEI Fakulta elektrotechniky a informatiky |T FEI Ústav multimediálnych informačných a komunikačných technológií |X 104457 |U E070 |Y 818 |7 104457 | |
| 242 | 0 | 1 | |a Speech recognition |y eng |
| 245 | 1 | 0 | |a Rozpoznanie reči |
| 260 | |a Bratislava : |b STU v Bratislave FEI, |c 2024 | ||
| 300 | |a 91 s. | ||
| 650 | 4 | |a Strojové učenie |2 slo | |
| 650 | 4 | |a Rozpoznanie reči |2 slo | |
| 650 | 4 | |a Attention mechanizmus |2 slo | |
| 650 | 4 | |a Machine learning |2 eng | |
| 650 | 4 | |a Attention mechanism |2 eng | |
| 650 | 4 | |a Speech recognition |2 eng | |
| 700 | 1 | |a Kačur, Juraj |u 037000 |k Z1 |4 ths |U FEI Fakulta elektrotechniky a informatiky |T FEI Ústav multimediálnych informačných a komunikačných technológií |X 1861 |U E070 |Y 818 |7 A000001861 | |
| 856 | 4 | |u https://opac.crzp.sk/?fn=detailBiblioFormChildQOF5Q&sid=9A7D98113A4E7D6F02A871A0EB46&seo=CRZP-detail-kniha | |